Nemčina pre poslucháčov a vedeckých ašpirantov SvF SVŠT

Saved in:
Bibliographic Details
Main Authors: Juríková, Marta (Author), Kajzr, Jozef (Author), Potančoková, Nadežda (Author)
Format: Book
Language:German
Slovak
Published: Bratislava : SVŠT v Bratislave, 1976
Edition:1.vyd. - 2.dotlač
Tags: Add Tag
No Tags, Be the first to tag this record!

MARC

LEADER 00000nam a22000003a 4500
001 stu91419
005 20150617225623.4
008 041110s1976----cs------------------ger-d
040 |a STU  |b slo 
041 0 |a ger  |a slo 
044 |a cs 
080 |a 803.0(075.8)  |7 stu_us_auth*stu5286 
100 1 |a Juríková, Marta  |4 aut 
245 1 |a Nemčina pre poslucháčov a vedeckých ašpirantov SvF SVŠT 
250 |a 1.vyd. - 2.dotlač 
260 |a Bratislava :  |b SVŠT v Bratislave,  |c 1976 
300 |a 226 s 
700 1 |a Kajzr, Jozef  |4 aut 
700 1 |a Potančoková, Nadežda  |4 aut 
996 |b 284V025159  |c V*2939/S-78  |l VVS  |s A  |a 24  |w stu91419_0001